| 000 | 00458nam a22001697a 4500 | ||
|---|---|---|---|
| 005 | 20260413102824.0 | ||
| 008 | 260413b |||||||| |||| 00| 0 eng d | ||
| 020 | _a9781864709087 | ||
| 040 | _cPK-LaNCA | ||
| 082 |
_a724.092 _bBEL |
||
| 100 | _aBelogolovsky, Vladimir | ||
| 245 | _aImagine buildings floating like clouds | ||
| 260 |
_aImages Publishing Group _bMelbourne _c2022 |
||
| 300 | _a255p.; ills | ||
| 650 | _aArchitects - Interiors | ||
| 942 | _cBK | ||
| 999 |
_c67202 _d67202 |
||